Capital cities - Cryptic picture quiz - Statistics

General Stats
  • This quiz has been taken 283 times
  • The average score is 4 of 16
Answer Stats
Picture Answer % Correct
Moscow
82%
Brussels
68%
Washington
59%
Wellington
59%
Copenhagen
48%
Lima
36%
Manila
23%
Islamabad
18%
Saint George's
16%
Bern
9%
New Delhi
9%
Paris
9%
London
7%
Amman
3%
Seoul
2%
Tashkent
1%
No matching quizzes found
Score Distribution
Percent of People with Each Score
Percentile by Number Answered
Your Score History
You have not taken this quiz